Las industrias culturales como eje de desarrollo económico. Primer Congreso.
I tiakina i:
| Kaituhi rangatōpū: | |
|---|---|
| Hōputu: | Pukapuka |
| Reo: | Pāniora |
| I whakaputaina: |
Valparaíso, Chile:
CORFO,
2006.
|
| Ngā marau: | |
| Ngā Tūtohu: |
Tāpirihia he Tūtohu
Kāore He Tūtohu, Me noho koe te mea tuatahi ki te tūtohu i tēnei pūkete!
|
MARC
| LEADER | 00000nam a2200000 a 4500 | ||
|---|---|---|---|
| 001 | UCI0720 | ||
| 003 | CL-VaPUC | ||
| 005 | 20230717091621.0 | ||
| 008 | 070525e20060000cl 1 spa d | ||
| 999 | |c 384259 |d 384257 | ||
| 040 | |c Pontificia Universidad Católica de Valparaíso | ||
| 082 | 0 | 4 | |a 303.44 ILU 2006 |2 21 |
| 110 | 2 | |a Ilustre Municipalidad de Valparaíso |e autor |9 621005 | |
| 245 | 1 | 4 | |a Las industrias culturales como eje de desarrollo económico. |b Primer Congreso. |
| 260 | |a Valparaíso, Chile: |b CORFO, |c 2006. | ||
| 300 | |a 57 páginas. | ||
| 500 | |a c. BUD. Donación Fernando Vergara Bib. Budge. 06/12/2022 | ||
| 518 | |p Las Industrias Culturales como Eje de Desarrollo Económico, 1, Valparaíso, 7 de Septiembre de 2006 | ||
| 536 | |a Ilustre Municipalidad de Valparaíso | ||
| 546 | |a En Español | ||
| 583 | |a last modification |c 20190910 11:35:13 |k Rodrigo Vera | ||
| 650 | 0 | 0 | |a Desarrollo cultural |9 267526 |
| 650 | 0 | 0 | |a Desarrollo económico |9 259599 |
| 650 | 0 | 0 | |a Diversidad cultural |9 473079 |
| 651 | 7 | |a CHILE |2 CL-VaPUC |9 621006 | |
| 651 | 0 | |a Valparaíso, Chile |9 261144 | |
| 942 | |c BK |2 ddc | ||
| 952 | |0 0 |1 0 |4 0 |6 303_440000000000000_ILU_2006 |7 0 |8 A |9 506889 |a BIBARQ |b BIBARQ |d 2020-01-23 |i 4335449 |o 303.44 ILU 2006 |p 4335449 |r 2025-01-20 |w 2020-01-23 |y BK |k ARQ | ||
| 952 | |0 0 |1 0 |2 ddc |4 0 |6 303_440000000000000_ILU_2006 |7 0 |8 X |9 588151 |a FDOBUD |b FDOBUD |c REST |d 2022-12-07 |e Donación |i 5655982 |o 303.44 ILU 2006 |p 5655982 |r 2022-12-07 |w 2022-12-07 |y BK_X |k BUD | ||